| 000 | 00400 a2200169 4500 | ||
|---|---|---|---|
| 020 | _a9780230213111 | ||
| 022 | _a978023021311 | ||
| 082 | _a341 | ||
| 090 |
_c6685 _d6685 |
||
| 100 | _aBrown,Chris | ||
| 245 |
_aUnderstanding International Relations. _cChris Brown |
||
| 250 | _a4th. | ||
| 260 |
_aUK _bPalgrave. _c2009. |
||
| 300 | _a321p. | ||
| 500 | _aPaper cover | ||
| 942 |
_aNBS _cBK _k341 BRO |
||
| 999 |
_c349036 _d349036 |
||